Mathematical modeling.

Salvato in:
Dettagli Bibliografici
Autore principale: Heinz, Stefan, 1958- (Autore)
Natura: Libro
Lingua:inglese
Pubblicazione: Heidelberg ; New York : Springer, c2011.
Soggetti:
Tags: Aggiungi Tag
Nessun Tag, puoi essere il primo ad aggiungerne!!

MARC

LEADER 00000cam a22000007a 4500
001 16838213
003 CL-VaPUC
005 20250505143849.0
008 110622s2011 gw a b 001 0 eng d
999 |c 449201  |d 449199 
010 |a  2011932690 
020 |a 978-3-642-44388-6 
035 |a (OCoLC)ocn733237048 
040 |a BTCTA  |b eng  |c Pontificia Universidad Católica de Valparaíso  |d YDXCP  |d BWX  |d CDX  |d IXA  |d MUU  |d DEBBG  |d DLC 
042 |a lccopycat 
050 0 0 |a QA401  |b .H456 2011 
082 0 0 |a 510 HEI 2011  |2 23 
100 1 |a Heinz, Stefan,  |d 1958-  |e author  |9 902592 
245 1 0 |a Mathematical modeling. 
260 |a Heidelberg ;  |a New York :  |b Springer,  |c c2011. 
300 |a xvi, 460 páginas. : 
504 |a Includes bibliographical references and index. 
505 0 |a 1. Deterministic analysis of observations 2. Stochastic analysis of observations 3. Deterministic states 4. Stochastic states 5. Deterministic changes 6. Stochastic changes 7. Deterministic evolution 8. Stochastic evolution 9. Deterministic multivariate evolution 10. Stochastic multivariate evolution. 
583 |c 20250505 
650 0 |a Modelos matemáticos   |9 259437 
655 4 |a Lehrbuch.  |9 902594 
942 |2 ddc  |c BK  |n 1 
952 |0 0  |1 0  |2 ddc  |4 0  |6 510_000000000000000_HEI_2011  |7 0  |8 A  |9 602891  |a BIBING  |b BIBING  |d 2025-05-05  |e 1  |g 40094.00  |i 5667410  |o 510 HEI 2011  |p 5667410  |r 2025-05-05  |t 1  |v 40094.00  |w 2025-05-05  |y BK  |k EII